00662nam a2200205Ia 4500001002700000003000900027008004100036040002300077041001300100100002300113240002700136245003100163250001500194260002700209300001200236501012400248520003000372700003200402700002200434878-ERA ro* BAI ro (16004)IT-MiSPE171229s9999||||xx |||||||||||||| ||und|| aIT-MiSPEcIT-MiSPE aITALIANO aRoland H. Bainton  aErasmus of Christendom 0aErasmo della cristianità a1a ed. (v) aFirenzebSansonic1970 a339 p.  aEdizioni San Paolo srl - Piazza Soncino, 5 - 20092 CINISELLO BALSAMO (MI) (non commercial uses only) ® Copyright 2018 aAntonio Rotondò (intr.) aAlbano Biondig(traduzione) aAntonio Rotondò